[Event "Frome Open 2019"]
[Site "Frome ENG"]
[Date "2019.05.17"]
[Round "1"]
[White "Arkell, Keith C"]
[Black "Anderson, Peter W"]
[Result "1-0"]
[WhiteElo "2470"]
[BlackElo "1968"]
[PlyCount "84"]
[EventDate "2019.05.17"]

1. d4 g6 2. c4 Bg7
3. Nc3 d6 4. g3 Nd7 5. Bg2 e5 6. Nf3 Ne7 7. O-O O-O 8. e4 Nc6 9. d5 Ne7 10. Be3
h6 11. Ne1 f5 12. Nd3 fxe4 13. Nxe4 Nf5 14. Bd2 Nf6 15. f4 Nd4 16. fxe5 dxe5
17. Bb4 Re8 18. Qd2 Bf5 19. Ndc5 b6 20. Nxf6+ Bxf6 21. Ne4 Bg7 22. h3 Rc8 23.
g4 Bd7 24. Rf2 c5 25. dxc6 Bxc6 26. Raf1 Re6 27. b3 a5 28. Ba3 Qh4 29. Qe1 Kh7
30. Bb2 Rce8 31. Rf7 Qxe1 32. Rxe1 Nc2 33. Re2 Nb4 34. g5 Kg8 35. Rc7 hxg5 36.
Rd2 R6e7 37. Rxe7 Rxe7 38. Rd8+ Re8 39. Rd6 Rc8 40. a3 Nc2 41. Rxg6 Kh7 42. Re6
Bd7 1-0

[Event "Frome Open 2019"]
[Site "Frome ENG"]
[Date "2019.05.17"]
[Round "1"]
[White "Littleton, Mark"]
[Black "Payne, Matthew J"]
[Result "1/2-1/2"]
[WhiteElo "1940"]
[BlackElo "2189"]
[PlyCount "95"]
[EventDate "2019.05.17"]

1. d4 Nf6 2. Nf3 g6 3. Bg5 Ne4 4. Bh4 c5 5. e3 Qb6 6. Qc1 Bg7 7. c3 d5 8. Nbd2 Bf5 
9. Nxe4 Bxe4 10. Nd2 Bf5 11. Be2 Nc6 12. Nb3 cxd4 13. exd4 Rc8 14. Qd2 O-O 15. O-O
a5 16. Bd3 Bxd3 17. Qxd3 e5 18. dxe5 a4 19. Nd4 Qxb2 20. Nxc6 Rxc6 21. Qxd5
Qxc3 22. Bf6 Bxf6 23. exf6 Qxf6 24. Qb5 Rc2 25. Qxa4 Rxf2 26. Rxf2 Qxa1+ 27.
Rf1 Qc3 28. Qd7 Qc6 29. Qe7 Qd5 30. h3 b5 31. a3 Rc8 32. Rf3 Rc4 33. Kh2 Re4
34. Qf6 Qd7 35. Rc3 Rc4 36. Re3 Qc7+ 37. Qe5 h5 38. Qxc7 Rxc7 39. Rb3 Ra7 40.
Rxb5 Rxa3 41. h4 Kg7 42. g3 Kf6 43. Kg2 Re3 44. Kf2 Re5 45. Rb4 g5 46. hxg5+
Kxg5 47. Kf3 f5 48. Rb8 1/2-1/2

[Event "Frome Open 2019"]
[Site "Frome ENG"]
[Date "2019.05.17"]
[Round "1"]
[White "Jones, Steven A"]
[Black "Fathallah, Joe"]
[Result "0-1"]
[WhiteElo "2128"]
[BlackElo "1939"]
[PlyCount "72"]
[EventDate "2019.05.17"]
 
1. e4 e6 2. d4 d5 3. Nc3 Nf6 4. Bg5 Be7 5. e5 Nfd7 6. Bxe7 Qxe7 7. f4 a6 8. Nf3
c5 9. dxc5 Nc6 10. Qd2 Qxc5 11. O-O-O b5 12. Ne2 Nb6 13. Ned4 Nxd4 14. Nxd4 Bd7
15. Kb1 b4 16. Nb3 Qe7 17. Qd4 Na4 18. g4 Bb5 19. Bxb5+ axb5 20. f5 Kd7 21. Qd3
Rhb8 22. Rhf1 Rb7 23. f6 gxf6 24. Rxf6 Rf8 25. Rdf1 Nc5 26. Nxc5+ Qxc5 27. Qxh7
Ke8 28. g5 Rc7 29. Qd3 Rh8 30. g6 Rxh2 31. gxf7+ Kf8 32. Rxe6 Rf2 33. Rf6 Rxc2
34. Qd1 b3 35. R6f3 bxa2+ 36. Ka1 Qb4 0-1

[Event "Frome Open 2019"]
[Site "Frome ENG"]
[Date "2019.05.17"]
[Round "1"]
[White "Jones, Mark A"]
[Black "Bourne, Johnathan D"]
[Result "1/2-1/2"]
[WhiteElo "2118"]
[BlackElo "1918"]
[PlyCount "65"]
[EventDate "2019.05.17"]

1. e4 e5 2. Nf3 Nc6 3. Bb5 a6 4. Ba4 Nf6 5. Qe2 b5 6. Bb3 Be7 7. O-O O-O 8. c3 d5
9. d3 h6 10. exd5 Nxd5 11. Nxe5 Nxe5 12. Qxe5 Bb7 13. Rd1 Bd6 14. Qh5 Nf6 15.
Qh4 Re8 16. Be3 Re5 17. Bd4 Rg5 18. g3 Bf3 19. Re1 Rg4 20. Bxf6 Qd7 21. Nd2
Rxh4 22. Bxh4 Bb7 23. f4 Bc5+ 24. d4 Bxd4+ 25. cxd4 Qxd4+ 26. Kf1 Qxd2 27. Re2
Qd3 28. Rd1 Qf3+ 29. Ke1 Qg4 30. Re7 Rf8 31. Rdd7 Bc8 32. Rxc7 Be6 33. Bd1
1/2-1/2

[Event "Frome Open 2019"]
[Site "Frome ENG"]
[Date "2019.05.17"]
[Round "1"]
[White "Whitehead, Mark A"]
[Black "Garcia, Oscar"]
[Result "1-0"]
[WhiteElo "1873"]
[BlackElo "2077"]
[PlyCount "79"]
[EventDate "2019.05.17"]

1. e4 e5 2. Nf3 Nc6 3. Bb5 a6 4. Ba4 Nf6 5. O-O Be7 6. Re1 b5 7. Bb3 O-O 
8. a4 Bb7 9. d3 d5 10. exd5 Nxd5 11. axb5 axb5 12. Rxa8 Bxa8 13. Nc3 Nxc3 14. bxc3
Qd6 15. Qe2 Qg6 16. Bd5 Nd4 17. cxd4 Bxd5 18. dxe5 Bb4 19. Rd1 f6 20. Nh4 Qf7
21. Bb2 fxe5 22. Bxe5 Qe7 23. Nf3 c5 24. Qe3 Rf5 25. Bg3 Qxe3 26. fxe3 Rf8 27.
e4 Bb7 28. Be1 Bxe1 29. Rxe1 Ra8 30. Kf2 Ra2 31. Re2 Kf7 32. Ke3 Ke6 33. Rf2 h6
34. h4 Bc6 35. g4 b4 36. d4 Ba4 37. dxc5 Ra3+ 38. Kf4 Ra2 39. Rd2 b3 40. cxb3
1-0

[Event "Frome Open 2019"]
[Site "Frome ENG"]
[Date "2019.05.17"]
[Round "1"]
[White "Richmond, Jane"]
[Black "Payan, Juan Carlos"]
[Result "1-0"]
[WhiteElo "2055"]
[BlackElo "1863"]
[PlyCount "81"]
[EventDate "2019.05.17"]

1. e4 c5 2. Nc3 Nc6 3. Bb5 Nd4 4. Nf3 Nxb5 5. Nxb5 a6 6. Nc3 d6 7. d4 cxd4 8. Qxd4 Nf6 
9. Bg5 e5 10. Qe3 Be6 11. Rd1 Qc7 12. Bxf6 gxf6 13. Nh4 Rd8 14. Qf3 Be7 15. Nf5 Qc4 
16. a3 b5 17. Ne3 Qc8 18. O-O Rg8 19. Ncd5 Bg4 20. Nxg4 Qxg4 21. Qxg4 Rxg4 22. f3 Rg6 
23. Nc7+ Kd7 24. Nxa6 Rdg8 25. Rf2 f5 26. Rd5 Kc6 27. Nb4+ Kb6 28. Rd3 Bh4 29. Rfd2 fxe4 
30. fxe4 Kc7 31. Nd5+ Kd7 32. Rh3 Bg5 33. Rf2 R8g7 34. Rhf3 Ke6 35. Nc7+ Ke7 
36. Nxb5 d5 37. exd5 e4 38. Re2 e3 39. Nd4 Kd7 40. c4 f6 41. Ne6 1-0

[Event "Frome Open 2019"]
[Site "Frome ENG"]
[Date "2019.05.17"]
[Round "1"]
[White "Brown, Geoffrey M"]
[Black "Homer, Stephen J"]
[Result "1-0"]
[WhiteElo "1834"]
[BlackElo "2048"]
[PlyCount "87"]
[EventDate "2019.05.17"]

1. Nf3 Nf6 2. c4 b6 3. g3 Bb7 4. Bg2 e6 5. O-O Be7 6. d3 O-O 7. Nc3 c5 8. b3 d6 9. Bb2
Nbd7 10. Qc2 Rc8 11. Rad1 d5 12. e3 a6 13. Rfe1 Qc7 14. Ne2 Rfd8 15. h4 e5 16.
cxd5 Nxd5 17. a3 b5 18. e4 N5b6 19. Bh3 Bd6 20. g4 Re8 21. Ng3 Rcd8 22. h5 Nf8
23. Bc1 Ne6 24. Nf5 Nf4 25. Kh2 g6 26. hxg6 hxg6 27. Bxf4 exf4 28. Nh6+ Kg7 29.
g5 Qe7 30. Rh1 c4 31. bxc4 Nxc4 32. dxc4 Bxe4 33. Qc3+ Kh7 34. Bg4 Be5 35. Nxe5
Qc5 36. Rhf1 Rxd1 37. Bxd1 Rxe5 38. Nxf7 Re8 39. f3 Bf5 40. Kg2 Kg8 41. Rh1 Qc6
42. Qh8+ Kxf7 43. Rh7+ Ke6 44. Qf6# 1-0

[Event "Frome Open 2019"]
[Site "Frome ENG"]
[Date "2019.05.17"]
[Round "1"]
[White "Cutmore, Martin J"]
[Black "Hollands, George E"]
[Result "1/2-1/2"]
[WhiteElo "2046"]
[BlackElo "1830"]
[PlyCount "68"]
[EventDate "2019.05.17"]

1. d4 d5 2. c4 c6 3. Nf3
Nf6 4. Nc3 dxc4 5. e3 b5 6. a4 Nd5 7. axb5 Nxc3 8. bxc3 cxb5 9. Ba3 Bb7 10. Qb1
Qd5 11. Be2 a6 12. O-O Nd7 13. Ne1 Nf6 14. f3 Qg5 15. Bc1 e6 16. Bxc4 Rc8 17.
Bd3 Rxc3 18. Bd2 Rc8 19. Qb2 Qd5 20. Nc2 Be7 21. Nb4 Qd6 22. Nxa6 Bxa6 23. Rxa6
Qb8 24. Bxb5+ Kf8 25. Rb1 g6 26. d5 e5 27. Bc3 Rxc3 28. Qxc3 Nxd5 29. Qc6 Nc7
30. Rb6 Qa7 31. Bc4 Kg7 32. Qe4 f6 33. Rb7 Qc5 34. Rxc7 Qxc7 1/2-1/2

[Event "Frome Open 2019"]
[Site "Frome ENG"]
[Date "2019.05.17"]
[Round "1"]
[White "Miller, George I"]
[Black "Duggan, Michael FG"]
[Result "0-1"]
[WhiteElo "1815"]
[BlackElo "2026"]
[PlyCount "46"]
[EventDate "2019.05.17"]

1. Nf3 d5 2. c4 c6 3. e3 Nf6 4. Nc3 g6 5. b3 Bg7 6. Bb2 O-O 7. Rc1 Qa5
8. a3 Bf5 9. b4 Qd8 10. Nd4 Bg4 11. f3 e5 12. Nxc6 bxc6 13. fxg4 d4 14. g5 dxc3
15. gxf6 cxd2+ 16. Qxd2 Qxf6 17. Qf2 Qxf2+ 18. Kxf2 Nd7 19. Be2 f5 20. Rhd1 Nf6
21. Bf3 e4 22. Be2 Ng4+ 23. Bxg4 fxg4+ 0-1

[Event "Frome Open 2019"]
[Site "Frome ENG"]
[Date "2019.05.17"]
[Round "1"]
[White "Waddington, Mike P"]
[Black "Metcalfe, Charlie P"]
[Result "1-0"]
[WhiteElo "2002"]
[BlackElo "1751"]
[PlyCount "119"]
[EventDate "2019.05.17"]

1. Nc3 d5 2. e4 e6 3. Nf3
dxe4 4. Nxe4 Nd7 5. Bc4 Ngf6 6. Ng3 c5 7. a4 b6 8. O-O Bb7 9. Re1 Be7 10. d3
Qc7 11. a5 O-O 12. a6 Bc6 13. Ng5 Ne5 14. Bb3 Rfe8 15. f4 Ned7 16. f5 Nd5 17.
fxe6 Bxg5 18. exf7+ Kxf7 19. Bxg5 Rxe1+ 20. Qxe1 Qe5 21. Ne4 Kg8 22. Qc3 Kh8
23. Qxe5 Nxe5 24. Re1 Nf7 25. Bd2 Re8 26. Nc3 Rxe1+ 27. Bxe1 Nxc3 28. Bxc3 Nd6
29. Be5 Nb5 30. c3 h6 31. g3 Kh7 32. Bf7 Bd7 33. Kf2 Bc8 34. Bc4 Bd7 35. Ke3
Kg6 36. Bb8 Kf5 37. Bxb5 Bxb5 38. Bxa7 Bxa6 39. Bxb6 c4 40. dxc4 Bxc4 41. Kd4
Bb3 42. Bc7 Ke6 43. c4 Kd7 44. Be5 g6 45. Kc3 Ba4 46. b4 Kc6 47. b5+ Kb7 48.
Kb4 Bc2 49. c5 Bf5 50. c6+ Kb6 51. Bd4+ Kc7 52. Kc5 Be4 53. b6+ Kd8 54. b7 h5
55. b8=Q+ Ke7 56. Qe5+ Kf8 57. Qxe4 h4 58. c7 Kf7 59. c8=Q g5 60. Qce8# 1-0

[Event "Frome Open 2019"]
[Site "Frome ENG"]
[Date "2019.05.17"]
[Round "1"]
[White "Ross, Stuart"]
[Black "de Coverly, Roger D"]
[Result "0-1"]
[WhiteElo "1599"]
[BlackElo "1977"]
[PlyCount "84"]
[EventDate "2019.05.17"]

1. e4 e5 2. Nf3 Nc6 3. Bb5 a6 4. Ba4 Nf6 
5. O-O Be7 6. Re1 b5 7. Bb3 O-O 8. a4 Bb7 9. d3 d6 10. Nbd2 Na5 11. Ba2 c5 12. c3
Qc7 13. b3 d5 14. Bb2 dxe4 15. dxe4 c4 16. bxc4 bxc4 17. Bb1 Bc5 18. Ba3 Rfe8
19. Bxc5 Qxc5 20. Bc2 Rad8 21. Qe2 Bc8 22. h3 Nh5 23. Qe3 Qc7 24. Rab1 Rd6 25.
Rb4 Nf4 26. Reb1 Rg6 27. Nh4 Nxh3+ 28. Kf1 Rh6 29. Ndf3 Nf4 30. g3 Ne6 31. Kg2
Nc5 32. Nf5 Bxf5 33. exf5 e4 34. Nd2 Rf6 35. Nxc4 Rxf5 36. Nxa5 Qxa5 37. Bxe4
Rfe5 38. f4 R5e7 39. Rb8 g6 40. Rxe8+ Rxe8 41. Rb4 Nxe4 42. Rxe4 Qd5 0-1

[Event "Frome Open 2019"]
[Site "Frome ENG"]
[Date "2019.05.18"]
[Round "2"]
[White "de Coverly, Roger D"]
[Black "Arkell, Keith C"]
[Result "0-1"]
[WhiteElo "1977"]
[BlackElo "2470"]
[PlyCount "72"]
[EventDate "2019.05.17"]

1. Nf3 d5 2. g3 Bg4 3. Bg2 Nd7 4. O-O e5 5. d3 Ngf6 6. h3 Bh5 7. a3 c6
8. Qe1 a5 9. e4 dxe4 10. dxe4 Bc5 11. Be3 Qb6 12. Bxc5 Qxc5 13. Nc3 O-O 14. a4
Rfd8 15. Nd2 Ne8 16. Kh1 f6 17. f4 Nd6 18. Qf2 Qxf2 19. Rxf2 Nc5 20. f5 Rd7 21.
Re1 Rad8 22. g4 Bf7 23. Nf3 b5 24. axb5 cxb5 25. Kh2 b4 26. Nb1 Ndxe4 27. Rfe2
Nd6 28. h4 Nb5 29. g5 Nd4 30. Nxd4 Rxd4 31. Kg3 Bh5 32. Re3 Rg4+ 33. Kh3 Rdd4
34. Bf3 Rxh4+ 35. Kg3 Bxf3 36. Rxf3 Rdg4+ 0-1

[Event "Frome Open 2019"]
[Site "Frome ENG"]
[Date "2019.05.18"]
[Round "2"]
[White "Makkar, Rajat"]
[Black "Whitehead, Mark A"]
[Result "0-1"]
[WhiteElo "2128"]
[BlackElo "1873"]
[PlyCount "126"]
[EventDate "2019.05.17"]

1. d4 Nf6 2. c4 e6 3. g3 Bb4+ 4. Bd2 Qe7 
5. Bg2 Nc6 6. Nf3 Bxd2+ 7. Qxd2 Ne4 8. Qd3 Qb4+ 9. Nc3 Qxb2 10. Nd1 Qxa1 11. Qxe4
Qxa2 12. d5 Qa5+ 13. Kf1 Ne7 14. dxe6 dxe6 15. Bh3 O-O 16. Ne3 Nf5 17. Ng4 f6
18. Kg2 Nd6 19. Qc2 Qc5 20. Ne3 e5 21. Bxc8 Raxc8 22. Rd1 c6 23. Qa2 Rfd8 24.
Nd2 a6 25. Nb3 Qa7 26. c5 Nf7 27. Rc1 Qb8 28. Na5 Qc7 29. Nf5 Kf8 30. Nc4 g6
31. Nfe3 Qe7 32. Qa5 f5 33. Rb1 f4 34. Nf1 Rc7 35. e4 Rcd7 36. Nfd2 h5 37. Nf3
g5 38. Qa1 g4 39. Nh4 Qxc5 40. Ng6+ Kg8 41. Rc1 f3+ 42. Kg1 Qxc4 43. Ne7+ Kh7
44. Nd5 cxd5 45. exd5 Qxc1+ 46. Qxc1 Rxd5 47. Qc2+ Kg7 48. h4 Rd1+ 49. Kh2 R1d2
50. Qc5 Re2 51. Kg1 a5 52. Qb6 a4 53. Qb1 a3 54. Qa1 a2 55. Kf1 Rdd2 56. Kg1
Rb2 57. Qf1 Rb1 58. Kh2 Rbb2 59. Kg1 Rxf2 60. Qe1 Rg2+ 61. Kf1 Rbf2+ 62. Qxf2
Rxf2+ 63. Kxf2 a1=Q 0-1

[Event "Frome Open 2019"]
[Site "Frome ENG"]
[Date "2019.05.18"]
[Round "2"]
[White "Fathallah, Joe"]
[Black "Richmond, Jane"]
[Result "0-1"]
[WhiteElo "1939"]
[BlackElo "2055"]
[Annotator "Dave"]
[PlyCount "98"]
[EventDate "2019.05.17"]

1. d4 Nf6 2. c4 e6 3. Nc3 Bb4 4. Qc2 d5 5. cxd5 Qxd5 6. Nf3 Qf5 7. Qxf5 exf5 8.
Bd2 c6 9. e3 O-O 10. Bd3 Re8 11. O-O Bd6 12. Rab1 Ne4 13. b4 Nd7 14. Na4 Ndf6
15. Rfc1 Be6 16. Nc5 Bxa2 17. Rb2 Bd5 18. Nxb7 Bf8 19. Na5 Nxd2 20. Nxd2 Rab8
21. Rcb1 g6 22. Ndc4 Ne4 23. Ne5 Nc3 24. Ra1 c5 25. Nd7 cxb4 26. Nf6+ Kg7 27.
Nxe8+ Rxe8 28. Bc4 f4 29. Bxd5 Nxd5 30. Nc6 fxe3 31. fxe3 Rxe3 32. Rxa7 Re1+
33. Kf2 Rd1 34. g3 Rxd4 35. Nxd4 Bc5 36. Rxf7+ Kxf7 37. Rd2 b3 38. Kf3 Bxd4 39.
Ke4 b2 40. Rxb2 Bxb2 41. Kxd5 Kf6 42. Ke4 Kg5 43. Kf3 h5 44. h3 Be5 45. Kf2 Kf5
46. Kf3 Bd6 47. Kg2 Ke4 48. Kf2 g5 49. Kg2 Ke3 0-1

[Event "Frome Open 2019"]
[Site "Frome ENG"]
[Date "2019.05.18"]
[Round "2"]
[White "Duggan, Michael FG"]
[Black "Brown, Geoffrey M"]
[Result "1/2-1/2"]
[WhiteElo "2026"]
[BlackElo "1834"]
[PlyCount "41"]
[EventDate "2019.05.17"]

1. d4 e6 2. Nc3 d5 3. Bf4 a6 4. Nf3 Nf6 5. Qd3 Nbd7 6. O-O-O c5 7. e4 c4 8. Qe3
dxe4 9. Ng5 Nd5 10. Qg3 Nxf4 11. Qxf4 Qf6 12. Qg3 Be7 13. Ngxe4 Qh6+ 14. Kb1
O-O 15. Bxc4 b5 16. Bd3 Nf6 17. Qc7 Bd8 18. Qe5 Ng4 19. Qg3 f5 20. h3 Nf6 21.
Nc5 1/2-1/2

[Event "Frome Open 2019"]
[Site "Frome ENG"]
[Date "2019.05.18"]
[Round "2"]
[White "Gregory, Andrew M"]
[Black "Waddington, Mike P"]
[Result "1/2-1/2"]
[WhiteElo "1926"]
[BlackElo "2002"]
[PlyCount "61"]
[EventDate "2019.05.17"]

1. g3 f5 2. c4 Nf6
3. Nc3 g6 4. Bg2 Bg7 5. Nf3 d6 6. d4 O-O 7. O-O Nc6 8. d5 Ne5 9. Qb3 Nfd7 10.
Be3 Ng4 11. Bd4 Nde5 12. Rad1 Kh8 13. h3 Nxf3+ 14. exf3 Bxd4 15. Rxd4 Ne5 16.
f4 Nd7 17. Re1 Nc5 18. Qc2 a5 19. Na4 b6 20. Nxc5 bxc5 21. Rd3 Rf7 22. Rde3 Kg8
23. Bf3 Bd7 24. Qe2 Kf8 25. h4 Rb8 26. h5 Rg7 27. hxg6 hxg6 28. Qd2 a4 29. Qc3
Kg8 30. Bd1 Rh7 31. Bf3 1/2-1/2

[Event "Frome Open 2019"]
[Site "Frome ENG"]
[Date "2019.05.18"]
[Round "2"]
[White "Payne, Matthew J"]
[Black "Adaway, William"]
[Result "1-0"]
[WhiteElo "2189"]
[BlackElo "1864"]
[PlyCount "67"]
[EventDate "2019.05.17"]

1. e4 e5
2. Nf3 Nc6 3. d4 exd4 4. Nxd4 Nf6 5. Nxc6 bxc6 6. e5 Qe7 7. Qe2 Nd5 8. c4 Nb6
9. Nc3 Qe6 10. Qe4 Ba6 11. b3 d5 12. exd6 Qxe4+ 13. Nxe4 cxd6 14. Ba3 d5 15.
Nc5 O-O-O 16. O-O-O Nd7 17. Nxa6 Bxa3+ 18. Kc2 dxc4 19. Bxc4 Ne5 20. Be2 c5 21.
Kc3 Kb7 22. b4 Bxb4+ 23. Nxb4 cxb4+ 24. Kxb4 Kb6 25. Rb1 Rb8 26. Rhc1 Nc6+ 27.
Ka4+ Kc7 28. Rb5 Kd6 29. Bf3 Ne5 30. Bb7 Rhd8 31. Ka5 Rd7 32. Ka6 Rc7 33. Rxc7
Kxc7 34. Rxe5 1-0

[Event "Frome Open 2019"]
[Site "Frome ENG"]
[Date "2019.05.18"]
[Round "2"]
[White "Headlong, Timothy"]
[Black "Littleton, Mark"]
[Result "1/2-1/2"]
[WhiteElo "2135"]
[BlackElo "1940"]
[PlyCount "48"]
[EventDate "2019.05.17"]

1. Nf3 Nf6 2. c4 e6 3. g3 d5 4. Bg2 Be7 5. O-O O-O 6. d4 Nbd7 7. Qc2 c6 8.
Nbd2 b6 9. e4 Bb7 10. cxd5 cxd5 11. e5 Ne8 12. Re1 Rc8 13. Qa4 Bc6 14. Qd1 Bb5
15. Nf1 a5 16. h4 Nc7 17. Bh3 Re8 18. Bg5 h6 19. Bxe7 Qxe7 20. Ne3 Qb4 21. Rb1
Ba4 22. Qd3 Bb5 23. Qd1 Ba4 24. Qd3 Bb5 1/2-1/2

[Event "Frome Open 2019"]
[Site "Frome ENG"]
[Date "2019.05.18"]
[Round "2"]
[White "Turner, Joseph D"]
[Black "Jones, Mark A"]
[Result "0-1"]
[WhiteElo "1851"]
[BlackElo "2118"]
[PlyCount "42"]
[EventDate "2019.05.17"]

1. e4 Nf6 
2. e5 Nd5 3. c4 Nb6 4. d4 d6 5. exd6 cxd6 6. Nc3 g6 7. Be3 Bg7 8. Rc1 O-O 9. b3 e5
10. dxe5 dxe5 11. Qxd8 Rxd8 12. c5 N6d7 13. Nf3 Nc6 14. Bc4 Na5 15. Be2 b6 16.
b4 Nc6 17. b5 Nd4 18. c6 Nc5 19. O-O a6 20. Nxd4 exd4 21. Bf3 Ra7 0-1

[Event "Frome Open 2019"]
[Site "Frome ENG"]
[Date "2019.05.18"]
[Round "2"]
[White "Bourne, Johnathan D"]
[Black "Cutmore, Martin J"]
[Result "1/2-1/2"]
[WhiteElo "1918"]
[BlackElo "2046"]
[PlyCount "47"]
[EventDate "2019.05.17"]

1. e4 c5 2. Nc3 a6 3. g3 b5 4. Bg2 Bb7 5. Nge2 e6 6. O-O Be7 7. d4 cxd4 8.
Nxd4 Nc6 9. Re1 b4 10. Na4 Qa5 11. b3 Nf6 12. Bb2 O-O 13. Qd2 Qh5 14. h3 Rac8
15. c4 bxc3 16. Bxc3 Nxd4 17. Bxd4 d5 18. exd5 Nxd5 19. Re5 Qg6 20. Nb6 Rcd8
21. Nxd5 Bxd5 22. Bxd5 Rxd5 23. Rxd5 exd5 24. Rd1 1/2-1/2

[Event "Frome Open 2019"]
[Site "Frome ENG"]
[Date "2019.05.18"]
[Round "2"]
[White "Jaufarally, Nadia"]
[Black "Jackson, Paul G"]
[Result "1-0"]
[WhiteElo "1945"]
[BlackElo "1801"]
[PlyCount "99"]
[EventDate "2019.05.17"]

1. e4 e6 2. d4 d5 3. Nd2 Be7 4. Bd3 c5 5. c3 dxe4 6. Nxe4 cxd4 7.
cxd4 Nf6 8. Nf3 Nbd7 9. O-O O-O 10. Ne5 Nb6 11. Re1 Nbd5 12. a3 Bd7 13. Qf3 Rc8
14. Nxf6+ Bxf6 15. Qh3 g6 16. Bh6 Bg7 17. Re4 f5 18. Rh4 Nf6 19. Bg5 Be8 20.
Rd1 Qb6 21. Bxf6 Bxf6 22. Rxh7 Qxd4 23. Rxb7 Bh4 24. g3 Qxe5 25. Qxh4 Rf7 26.
Rxf7 Bxf7 27. Ba6 Rb8 28. Rd8+ Rxd8 29. Qxd8+ Kg7 30. Qd2 Qe4 31. Bd3 Qd5 32.
Qc3+ Kh7 33. Qc4 Qb7 34. Qh4+ Kg7 35. Qd4+ Kh7 36. b4 Be8 37. Qd6 Qc8 38. Qe7+
Kg8 39. Bf1 Bc6 40. Bc4 Bd5 41. Bxd5 exd5 42. Qxa7 Qc1+ 43. Kg2 Qc4 44. Qe3 d4
45. Qe8+ Kh7 46. Qd7+ Kh6 47. b5 d3 48. Qc6 Qe4+ 49. Qxe4 fxe4 50. Kf1 1-0

[Event "Frome Open 2019"]
[Site "Frome ENG"]
[Date "2019.05.18"]
[Round "2"]
[White "Hollands, George E"]
[Black "Jones, Steven A"]
[Result "1/2-1/2"]
[WhiteElo "1830"]
[BlackElo "2128"]
[PlyCount "50"]
[EventDate "2019.05.17"]

1. d4 d5 2. c4 c6 3. Nf3 Nf6 4. Nc3 e6 5. e3 a6 6. Qc2 c5 7. cxd5
exd5 8. Be2 Nc6 9. O-O cxd4 10. Nxd4 Nxd4 11. exd4 Be7 12. Bf4 Be6 13. Rfe1 O-O
14. Bd3 Rc8 15. Rac1 b5 16. Qd2 Qb6 17. h3 g6 18. Bb1 Rc4 19. Be3 Rfc8 20. Bd3
R4c6 21. Ne2 Bd6 22. Rxc6 Rxc6 23. Rc1 Bd7 24. Rxc6 Bxc6 25. Bf4 Qc7 1/2-1/2

[Event "Frome Open 2019"]
[Site "Frome ENG"]
[Date "2019.05.18"]
[Round "2"]
[White "Garcia, Oscar"]
[Black "Payan, Juan Carlos"]
[Result "1-0"]
[WhiteElo "2077"]
[BlackElo "1863"]
[PlyCount "51"]
[EventDate "2019.05.17"]

1. e4 c5 2. c3 d5 3. exd5 Qxd5 4. d4 Nf6 5. Nf3
Bg4 6. Be2 e6 7. O-O cxd4 8. cxd4 Be7 9. h3 Bh5 10. Nc3 Qd8 11. Qb3 b6 12. d5
O-O 13. g4 Bg6 14. dxe6 Nc6 15. Be3 Qc8 16. Ng5 h6 17. exf7+ Kh8 18. Nf3 Bxf7
19. Qa4 Nd5 20. Qe4 Nxe3 21. fxe3 Bf6 22. Bb5 Na5 23. Ne5 Bxe5 24. Qxe5 Nc4 25.
Qe7 Qe6 26. Rxf7 1-0

[Event "Frome Open 2019"]
[Site "Frome ENG"]
[Date "2019.05.18"]
[Round "2"]
[White "Homer, Stephen J"]
[Black "Miller, George I"]
[Result "0-1"]
[WhiteElo "2048"]
[BlackElo "1815"]
[PlyCount "78"]
[EventDate "2019.05.17"]

1. e4 e6 2. d4 d5 3. Nd2 dxe4 4. Nxe4 Nd7 5. Nf3 Ngf6 6. Nxf6+ Nxf6 7. g3 b6 8. Bb5+ Bd7 9. a4 Bxb5
10. axb5 Qd5 11. Qe2 c5 12. O-O cxd4 13. Rd1 Qe4 14. Qxe4 Nxe4 15. Rxd4 f5 16.
Rda4 Bc5 17. Be3 Bxe3 18. fxe3 O-O 19. Ne5 Rfd8 20. Rd4 Rdc8 21. c4 g5 22. Nc6
Rc7 23. Rad1 a5 24. Rd8+ Rxd8 25. Rxd8+ Kg7 26. Rb8 Rd7 27. Rxb6 Rd1+ 28. Kg2
Rd2+ 29. Kf1 Rxh2 30. b3 Nxg3+ 31. Kg1 Rb2 32. Nxa5 f4 33. exf4 gxf4 34. Rb7+
Kg6 35. Nc6 h5 36. Rd7 h4 37. b6 h3 38. Ne5+ Kf5 39. Nf3 Rg2# 0-1

[Event "Frome Open 2019"]
[Site "Frome ENG"]
[Date "2019.05.18"]
[Round "2"]
[White "Anderson, Peter W"]
[Black "Ross, Stuart"]
[Result "1-0"]
[WhiteElo "1968"]
[BlackElo "1599"]
[PlyCount "67"]
[EventDate "2019.05.17"]

1. d4 Nf6 2. c4 e6 3. Nc3 Bb4 4. f3 d5 5. a3 Bxc3+ 6. bxc3 c5 7. cxd5 exd5 8. e3 O-O 9. Bd3 Nc6
10. Ne2 Re8 11. O-O Bd7 12. Ng3 cxd4 13. cxd4 Rc8 14. Re1 Na5 15. Bb2 Nc4 16.
Bxc4 Rxc4 17. e4 Ba4 18. Qd3 Bc2 19. Qf1 Qc8 20. e5 Nd7 21. f4 Nf8 22. f5 g6
23. Rac1 gxf5 24. Nh5 Nd7 25. Qf3 Re6 26. Qxd5 Nb6 27. Qf3 Rg6 28. Nf6+ Kg7 29.
d5 Qc5+ 30. Kh1 Nxd5 31. Qxd5 Qxd5 32. Nxd5 Be4 33. Nf4 Rg4 34. Rxc4 1-0

[Event "Frome Open 2019"]
[Site "Frome ENG"]
[Date "2019.05.18"]
[Round "2"]
[White "Metcalfe, Charlie P"]
[Black "Waterfield, John W"]
[Result "1-0"]
[WhiteElo "1751"]
[BlackElo "1939"]
[PlyCount "85"]
[EventDate "2019.05.17"]

1. d4 Nf6 2. Nf3 c5 3. d5 g6 
4. c4 b5 5. cxb5 a6 6. b6 Bg7 7. Nc3 Qxb6 8. e4 d6 9. Nd2 O-O 10. Be2 Nbd7 11. Nc4
Qc7 12. Bf4 Nb6 13. Ne3 Ne8 14. O-O e5 15. dxe6 fxe6 16. Bg3 Bb7 17. Qb3 Bc8
18. a4 Rb8 19. Rfd1 Rf7 20. Rd2 Nd5 21. Ncxd5 Rxb3 22. Nxc7 Rxc7 23. Nc4 Rd7
24. Rad1 Bd4 25. a5 Bb7 26. Nb6 Re7 27. Bh4 Rc7 28. Bc4 Rxb2 29. Rxb2 Bxb2 30.
Bxe6+ Kg7 31. Bd8 Bxe4 32. Bxc7 Nxc7 33. Rxd6 Nxe6 34. Rxe6 Bd3 35. Na4 Ba3 36.
Rc6 Kh6 37. Nxc5 Bb5 38. Rc8 Bb4 39. Nb3 Kh5 40. Rb8 Bc3 41. Rb6 Be5 42. Re6
Bc3 43. Re3 1-0

[Event "Frome Open 2019"]
[Site "Frome ENG"]
[Date "2019.05.18" ]
[Round "3"]
[White "Arkell, Keith C"]
[WhiteFideId "400270"]
[Black "Whitehead, Mark A"]
[BlackFideId "406716"]
[Result "1-0"]
[WhiteElo "2470"]
[BlackElo "1873"]
[PlyCount "0"]
[EventDate "2019.05.17"]
[SourceDate ""]

1. d4 Nf6 2. Nf3 e6 3. c4 Bb4+ 4. Bd2 Qe7 5. g3 Nc6 6. Nc3 Bxc3 7. Bxc3 Ne4 8.
Rc1 d6 9. d5 Nxc3 10. Rxc3 Nd8 11. Bg2 O-O 12. dxe6 Nxe6 13. O-O Bd7 14. Nd4
Nxd4 15. Qxd4 Bc6 16. Re3 Qd7 17. Bd5 Rfe8 18. Rc1 Rxe3 19. Qxe3 b6 20. Qe4
Bxd5 21. cxd5 a5 22. Rc4 Re8 23. Rxc7 1-0

[Event "Frome Open 2019"]
[Site "Frome ENG"]
[Date "2019.05.18" ]
[Round "3"]
[White "Brown, Geoffrey M"]
[WhiteFideId "446416"]
[Black "Payne, Matthew J"]
[BlackFideId "417084"]
[Result "0-1"]
[WhiteElo "1834"]
[BlackElo "2189"]
[PlyCount "0"]
[EventDate "2019.05.17"]
[SourceDate ""]

1. f4 Nf6 2. Nf3 g6 3. e3 Bg7 4. d4 O-O 5. Bd3 d5 6. Nbd2 c5 7. c3 cxd4 8. exd4
Qc7 9. Ne5 Nc6 10. O-O Nd7 11. Ndf3 f6 12. Nxg6 hxg6 13. Bxg6 Rd8 14. Ng5 fxg5
15. fxg5 Nde5 16. dxe5 Nxe5 17. Bf7+ Nxf7 18. Qh5 Qb6+ 19. Kh1 Ne5 20. Be3 Qxe3
21. Rae1 Bg4 22. Qh4 Rf8 23. h3 Be2 0-1

[Event "Frome Open 2019"]
[Site "Frome ENG"]
[Date "2019.05.18" ]
[Round "3"]
[White "Jones, Mark A"]
[WhiteFideId "418714"]
[Black "Jaufarally, Nadia"]
[BlackFideId "443727"]
[Result "0-1"]
[WhiteElo "2118"]
[BlackElo "1945"]
[PlyCount "0"]
[EventDate "2019.05.17"]
[SourceDate ""]

1. e4 c5 2. Nf3 g6 3. d4 cxd4 4. Nxd4 Nc6 5. c4 Nf6 6. Nc3 d6 7. Nc2 Bg7 8. Be3
Ng4 9. Bd2 Qb6 10. Qf3 Qxb2 11. Rb1 Qxc2 12. Bd3 Nge5 13. Bxc2 Nxf3+ 14. gxf3
O-O 15. Nd5 e6 16. Nc7 Rb8 17. Ba4 Bd7 18. Nb5 Ne5 19. Bf4 Nd3+ 0-1